Guía práctica para la elaboración de pliegos de cláusulas administrativas particulares

保存先:
書誌詳細
主要な著者: Rodríguez Castaño, Antonio-Ramón (著者, autor), Quintana Cortés, José Luis (著者, autor)
その他の著者: Garcés Sanagustín, Mario 1967- (prologuista)
フォーマット: eBook
言語:スペイン語
出版事項: Cizur Menor (Navarra) Aranzadi, [2022]
版:Primera edición, 2022
主題:
オンライン・アクセス:https://elibro.unach.elogim.com/es/lc/unach/titulos/292347
タグ: タグ追加
タグなし, このレコードへの初めてのタグを付けませんか!

MARC

LEADER 00000nam a2200000 i 4500
001 ELB292347
003 FINmELB
005 20251210072504.0
006 m o d |
007 cr cnu||||||||
008 260219s2022 sp o 000 0 spa d
020 |a 9788411249010  |q (ebook) 
020 |z 9788411249027 
035 |a (OCoLC)1574228450 
040 |a FINmELB  |b eng  |e rda  |c FINmELB 
050 4 |a KKT2090  |b .R637 2022 
080 |a 351.712.2(460) 
082 0 4 |a 346.46023  |2 23 
100 1 |a Rodríguez Castaño, Antonio-Ramón  |e autor  |4 aut 
245 1 0 |a Guía práctica para la elaboración de pliegos de cláusulas administrativas particulares  |c Antonio Ramón Rodríguez Castaño, José Luis Quintana Cortés ; prólogo, Mario Garcés Sanagustín 
250 |a Primera edición, 2022 
264 1 |a Cizur Menor (Navarra)  |b Aranzadi,  |c [2022] 
300 |a 1 recurso en línea 
336 |a texto  |b txt  |2 rdamedia/spa 
337 |a computadora  |b c  |2 rdamedia/spa 
338 |a recurso en línea  |b cr  |2 rdacarrier/spa 
504 |a Incluye referencias bibliográficas 
530 |a Disponible también en línea 
588 |a Descripción basada en metadatos suministrados por el editor y otras fuentes. 
590 |a Recurso electrónico. Santa Fe, Arg.: elibro, 2026. Disponible vía World Wide Web. El acceso puede estar limitado para las bibliotecas afiliadas a elibro. 
650 4 |a Contratos administrativos  |z España 
655 4 |a Libros electrónicos. 
700 1 |a Quintana Cortés, José Luis  |e autor  |4 aut 
700 1 |a Garcés Sanagustín, Mario  |d 1967-  |e prologuista 
797 2 |a elibro, Corp. 
856 4 0 |u https://elibro.unach.elogim.com/es/lc/unach/titulos/292347